[Event "HUN-ch U10/14"]
[Site "Buek"]
[Date "2023.06.24"]
[Round "8"]
[White "Tagai, Marton"]
[Black "Meszaros Csonka, David"]
[Result "0-1"]
[WhiteElo "1574"]
[BlackElo "1726"]
[PlyCount "84"]
[EventDate "2023.06.17"]
[EventType "swiss"]
[EventRounds "9"]
[EventCountry "HUN"]
[SourceTitle "CBM 215 Extra"]
[Source "ChessBase"]
[SourceDate "2023.09.30"]
[SourceVersion "1"]
[SourceVersionDate "2023.09.30"]
[SourceQuality "1"]

1. e4 c5 2. c3 Nf6 3. e5 Nd5 4. d4 cxd4 5. cxd4 e6 6. Nf3 d6 7. Nc3 Nxc3 8. bxc3 Qc7 9. Qc2 Nd7 10. Bf4 dxe5 11. Nxe5 Bd6 12. Bb5 a6 13. Nxd7 Bxf4 14. Nb6+ axb5 15. Nxa8 Qa5 16. 0-0 Qxa8 17. a4 b6 18. g3 Bd6 19. axb5 Qd5 20. Qd3 Bb7 21. f3 h5 22. Ra7 Bb8 23. c4 Qd7 24. Ra3 h4 25. g4 Qd6 26. Rf2 Rh6 27. Rc3 Qe7 28. c5 bxc5 29. dxc5 e5 30. c6 Ba8 31. Ra3 Rd6 32. Qc2 Ba7 33. c7 Bxf2+ 34. Kxf2 Bb7 35. Ra7 Bc8 36. Ra8 Qd7 37. Ke1 Ke7 38. Rb8 Qe6 39. Qc3 e4 40. Kf2 Qa2+ 41. Ke1 e3 42. Rxc8 Qf2# 0-1

[Event "HUN-ch U10/14"]
[Site "Buek"]
[Date "2023.06.20"]
[Round "2"]
[White "Tagai, Marton"]
[Black "Bihary, Soma Botond"]
[Result "0-1"]
[WhiteElo "1574"]
[BlackElo "1587"]
[PlyCount "96"]
[EventDate "2023.06.17"]
[EventType "swiss"]
[EventRounds "9"]
[EventCountry "HUN"]
[SourceTitle "CBM 215 Extra"]
[Source "ChessBase"]
[SourceDate "2023.09.30"]
[SourceVersion "1"]
[SourceVersionDate "2023.09.30"]
[SourceQuality "1"]

1. e4 c5 2. c3 Nf6 3. e5 Nd5 4. d4 cxd4 5. cxd4 e6 6. Nf3 Nc6 7. Nc3 Bb4 8. Bd2 Qa5 9. Nb5 Bxd2+ 10. Qxd2 Qxd2+ 11. Kxd2 0-0 12. Bc4 Nb6 13. Bd3 a6 14. Nd6 Nd5 15. h4 Nc7 16. g4 Ne8 17. Nxe8 Rxe8 18. h5 b5 19. Ke3 Bb7 20. Rh3 Nb4 21. Be4 Bxe4 22. Kxe4 Rac8 23. a3 Nd5 24. Ne1 f6 25. Nd3 fxe5 26. Kxe5 Rc6 27. Rc1 d6+ 28. Ke4 Nf6+ 29. Kf4 Rxc1 30. Nxc1 Rf8 31. h6 e5+ 32. dxe5 dxe5+ 33. Kxe5 Nxg4+ 34. Ke6 Rf6+ 35. Ke7 Rxh6 36. Rd3 g6 37. Rf3 Rh5 38. Rf4 Ne5 39. Nb3 Rf5 40. Rxf5 gxf5 41. Nc5 h5 42. Nb3 h4 43. Nd2 h3 44. Nf1 Nc4 45. Kf6 Nxb2 46. Kxf5 Nc4 47. Kg4 Nxa3 48. Kxh3 Nc4 0-1